Paroles - Et moi dans mon coin - Charles Aznavour - Statistiques

Statistiques générales
  • Ce quiz a été pris 8 fois
  • Le résultat moyen est 126 sur 190
Statistiques - réponses
Réponse % Correct
coin
100%
Dans
100%
dans
100%
Et
100%
moi
100%
mon
100%
à
86%
À
86%
au
86%
de
86%
des
86%
Du
86%
du
86%
il
86%
je
86%
Je
86%
la
86%
86%
le
86%
Que
86%
que
86%
qui
86%
son
86%
te
86%
Toi
86%
ton
86%
tu
86%
aux
71%
avec
71%
cœur
71%
dis
71%
J'ai
71%
j'ai
71%
larmes
71%
ne
71%
pas
71%
Si
71%
un
71%
une
71%
bien
57%
Car
57%
c'est
57%
Cette
57%
éclats
57%
En
57%
jeu
57%
l'œil
57%
peu
57%
Ris
57%
tout
57%
toutes
57%
vois
57%
bois
43%
bord
43%
chagrin
43%
courtise
43%
laisses
43%
Lui
43%
main
43%
non
43%
Non
43%
regarde
43%
regrettes
43%
rien
43%
sois
43%
travers
43%
votre
43%
yeux
43%
angoisse
29%
bavardes
29%
cache
29%
caresse
29%
change
29%
choses
29%
excellente
29%
fatigue
29%
fauteuil
29%
fin
29%
fond
29%
Furtivement
29%
grises
29%
guette
29%
l'amour
29%
librement
29%
manège
29%
m'étreint
29%
passé
29%
Peut-être
29%
Prendre
29%
qu'est-ce
29%
remarque
29%
soin
29%
soirée
29%
souriant
29%
t'énerves
29%
t'observe
29%
Trop
29%
vas
29%
venir
29%
voyant
29%
Ah
14%
chercher
14%
couve
14%
Fiévreusement
14%
frein
14%
l'approuves
14%
Oh
14%
ronge
14%
Aucun quiz correspondant
Distribution des résultats
% des personnes avec chaque résultat
Percentile par nombre de réponses
Votre historique - résultats
Vous n’avez pas pris ce quiz